[Event "Moncada Cup"]
[Site "Santiago de Cuba"]
[Date "2017.03.26"]
[Round "7.2"]
[White "Lopez Montero, Manuel Alejandro"]
[Black "Ruiz Bisbe, Yamir"]
[Result "1-0"]
[WhiteElo "2032"]
[BlackElo "2000"]
[PlyCount "51"]
[EventDate "2017.03.21"]
[EventType "swiss"]
[EventRounds "10"]
[EventCountry "CUB"]
[SourceTitle "EXT 2023"]
[Source "ChessBase"]
[SourceDate "2022.10.05"]
[SourceVersion "1"]
[SourceVersionDate "2022.10.05"]
[SourceQuality "1"]

1. e4 d6 2. d4 Nf6 3. Nc3 c6 4. f3 g6 5. Be3 Bg7 6. g4 h5 7. g5 Nfd7 8. Qd2 a6 9. a4 0-0 10. f4 e6 11. Nf3 d5 12. e5 a5 13. Nh4 b6 14. Rg1 Ba6 15. Bh3 Re8 16. Ne2 c5 17. c3 Nc6 18. Ng3 Ne7 19. Qd1 cxd4 20. cxd4 Nf8 21. Rc1 Rc8 22. Rxc8 Qxc8 23. Rg2 Qc4 24. Rd2 Rc8 25. Bf1 Qb4 26. Bxa6 1-0

[Event "Moncada Cup"]
[Site "Santiago de Cuba"]
[Date "2017.03.22"]
[Round "2.2"]
[White "Ruiz Bisbe, Yamir"]
[Black "Lopez Montero, Manuel Alejandro"]
[Result "0-1"]
[WhiteElo "2000"]
[BlackElo "2032"]
[PlyCount "46"]
[EventDate "2017.03.21"]
[EventType "swiss"]
[EventRounds "10"]
[EventCountry "CUB"]
[SourceTitle "EXT 2023"]
[Source "ChessBase"]
[SourceDate "2022.10.05"]
[SourceVersion "1"]
[SourceVersionDate "2022.10.05"]
[SourceQuality "1"]

1. d4 d5 2. Nf3 Nf6 3. g3 e6 4. Bg2 Be7 5. 0-0 0-0 6. c4 dxc4 7. Nbd2 b5 8. a4 c6 9. axb5 cxb5 10. Ne5 Nd5 11. b3 c3 12. Ne4 Bb7 13. Qc2 b4 14. h4 Nc6 15. Rd1 Qc7 16. Nf3 h6 17. e3 a5 18. Ne1 a4 19. bxa4 Na5 20. Rb1 Bc6 21. Nd3 b3 22. Rxb3 Nxb3 23. Nxc3 Bxa4 0-1

[Event "Bayamo Cespedes Memorial op"]
[Site "Bayamo"]
[Date "2017.03.07"]
[Round "9.3"]
[White "Antunez, Soler Luis"]
[Black "Lopez Montero, Manuel Alejandro"]
[Result "1-0"]
[WhiteElo "2136"]
[BlackElo "2032"]
[PlyCount "105"]
[EventDate "2017.03.01"]
[EventType "swiss"]
[EventRounds "9"]
[EventCountry "CUB"]
[SourceTitle "EXT 2023"]
[Source "ChessBase"]
[SourceDate "2022.10.05"]
[SourceVersion "1"]
[SourceVersionDate "2022.10.05"]
[SourceQuality "1"]

1. e4 e5 2. Nf3 Nc6 3. d4 exd4 4. Bc4 Nf6 5. e5 d5 6. Bb5 Ne4 7. Nxd4 Bc5 8. Be3 0-0 9. Nxc6 bxc6 10. Bxc5 Nxc5 11. Bxc6 Ba6 12. Nc3 Qg5 13. Qd4 Ne6 14. Qe3 Qxe3+ 15. fxe3 Rab8 16. 0-0-0 Nd8 17. Bxd5 Re8 18. Bb3 Bb7 19. Bd5 Rxe5 20. Bxb7 Nxb7 21. Rd7 Rc5 22. Rhd1 Kf8 23. R1d5 Rc8 24. Rxc5 Nxc5 25. Rd5 Nb7 26. Rb5 Nd6 27. Rc5 Ke8 28. b3 Kd7 29. Ra5 Ra8 30. Nb5 Nxb5 31. Rxb5 Re8 32. Kd2 Kc6 33. Rh5 h6 34. Rf5 f6 35. c4 Rd8+ 36. Ke2 a6 37. Ra5 Kb6 38. Rf5 c6 39. g4 Kb7 40. h4 Rd7 41. g5 hxg5 42. hxg5 Rd6 43. Kf3 Kc7 44. Ke4 Re6+ 45. Kd4 Rd6+ 46. Kc5 Re6 47. gxf6 gxf6 48. Rh5 Re7 49. b4 Kd7 50. Rf5 Rxe3 51. Rxf6 Re5+ 52. Kb6 a5 53. bxa5 1-0

[Event "Chessung Gp3"]
[Site "Guantanamo"]
[Date "2017.02.20"]
[Round "7.3"]
[White "Lopez Montero, Manuel Alejandro"]
[Black "Lores Pulgares, Felix"]
[Result "1/2-1/2"]
[WhiteElo "2032"]
[BlackElo "2049"]
[PlyCount "36"]
[EventDate "2017.02.16"]
[EventType "tourn"]
[EventRounds "10"]
[EventCountry "CUB"]
[SourceTitle "EXT 2023"]
[Source "ChessBase"]
[SourceDate "2022.10.05"]
[SourceVersion "1"]
[SourceVersionDate "2022.10.05"]
[SourceQuality "1"]

1. e4 c5 2. Nf3 d6 3. d4 cxd4 4. Nxd4 Nf6 5. Nc3 a6 6. h3 e6 7. g4 b5 8. Bg2 Bb7 9. 0-0 Nfd7 10. a4 b4 11. Na2 a5 12. c3 bxc3 13. Nxc3 Nc6 14. Ndb5 Nc5 15. Be3 Be7 16. f4 0-0 17. f5 Ne5 18. Kh1 Ra6 1/2-1/2

[Event "Chessung Gp3"]
[Site "Guantanamo"]
[Date "2017.02.18"]
[Round "4.3"]
[White "Lopez Montero, Manuel Alejandro"]
[Black "Parra Fayad, Yamall"]
[Result "1-0"]
[WhiteElo "2032"]
[BlackElo "1876"]
[PlyCount "61"]
[EventDate "2017.02.16"]
[EventType "tourn"]
[EventRounds "10"]
[EventCountry "CUB"]
[SourceTitle "EXT 2023"]
[Source "ChessBase"]
[SourceDate "2022.10.05"]
[SourceVersion "1"]
[SourceVersionDate "2022.10.05"]
[SourceQuality "1"]

1. e4 c5 2. Nf3 Nc6 3. d4 cxd4 4. Nxd4 g6 5. Nc3 Bg7 6. Be3 Nf6 7. Bc4 d6 8. f3 0-0 9. Qd2 Bd7 10. 0-0-0 a6 11. h4 h5 12. Kb1 Rb8 13. g4 Ne5 14. Bb3 b5 15. Bg5 Nxf3 16. Nxf3 Bxg4 17. Rdf1 b4 18. Bxf6 bxc3 19. Bxc3 Bxc3 20. Qxc3 Qb6 21. Qd2 Bxf3 22. Rxf3 Kh7 23. Qf2 Qxf2 24. Rxf2 f5 25. Rhf1 Rb5 26. Bc4 Re5 27. exf5 gxf5 28. Bxa6 Re3 29. Re2 Rxe2 30. Bxe2 Kh6 31. a4 1-0

[Event "Chessung Gp3"]
[Site "Guantanamo"]
[Date "2017.02.18"]
[Round "5.2"]
[White "Vazquez Matos, Miguel"]
[Black "Lopez Montero, Manuel Alejandro"]
[Result "0-1"]
[WhiteElo "1949"]
[BlackElo "2032"]
[PlyCount "108"]
[EventDate "2017.02.16"]
[EventType "tourn"]
[EventRounds "10"]
[EventCountry "CUB"]
[SourceTitle "EXT 2023"]
[Source "ChessBase"]
[SourceDate "2022.10.05"]
[SourceVersion "1"]
[SourceVersionDate "2022.10.05"]
[SourceQuality "1"]

1. d4 d5 2. Nf3 Nf6 3. c4 e6 4. Bg5 Be7 5. e3 0-0 6. Nc3 h6 7. Bh4 Nbd7 8. Bd3 b6 9. 0-0 Bb7 10. cxd5 exd5 11. Rc1 c5 12. Re1 Ne4 13. Bxe7 Qxe7 14. Qe2 Rfd8 15. g3 Rac8 16. Nh4 Qf6 17. Nxe4 dxe4 18. Ba6 Rb8 19. Bxb7 Rxb7 20. Qg4 cxd4 21. Qxe4 Nc5 22. Qg2 Rbd7 23. Rcd1 dxe3 24. Rxd7 exf2+ 25. Qxf2 Qxf2+ 26. Kxf2 Rxd7 27. Re8+ Kh7 28. Ke3 Nd3 29. Nf3 Nxb2 30. Ne5 Rc7 31. h4 Nc4+ 32. Nxc4 Rxc4 33. Re7 Ra4 34. h5 f6 35. Rb7 Rxa2 36. Kf4 Ra4+ 37. Kf3 Ra5 38. g4 b5 39. Kf4 a6 40. Rb6 Ra4+ 41. Kf5 b4 42. Ke6 b3 43. Rxb3 Rxg4 44. Kf7 Rg5 45. Rb7 Rxh5 46. Kf8 Rg5 47. Ke7 h5 48. Kf7 h4 49. Rb4 Rh5 50. Rg4 g5 51. Kxf6 h3 52. Rb4 Rh6+ 53. Kxg5 h2 54. Rb7+ Kg8 0-1

[Event "Chessung Gp3"]
[Site "Guantanamo"]
[Date "2017.02.16"]
[Round "1.2"]
[White "Lopez Montero, Manuel Alejandro"]
[Black "Taureaux, Kenny"]
[Result "1/2-1/2"]
[WhiteElo "2032"]
[BlackElo "2044"]
[PlyCount "69"]
[EventDate "2017.02.16"]
[EventType "tourn"]
[EventRounds "10"]
[EventCountry "CUB"]
[SourceTitle "EXT 2023"]
[Source "ChessBase"]
[SourceDate "2022.10.05"]
[SourceVersion "1"]
[SourceVersionDate "2022.10.05"]
[SourceQuality "1"]

1. e4 c5 2. Nf3 Nc6 3. d4 cxd4 4. Nxd4 Nf6 5. Nc3 e5 6. Ndb5 d6 7. Bg5 a6 8. Na3 b5 9. Nd5 Be7 10. Bxf6 Bxf6 11. c3 0-0 12. Nc2 Bg5 13. a4 bxa4 14. Ncb4 Nxb4 15. Nxb4 Bb7 16. Nd5 Bxd5 17. Qxd5 Qb6 18. Qa2 Rab8 19. Rb1 Qb3 20. Qxb3 Rxb3 21. Bc4 Rb6 22. h4 Rc8 23. Bxa6 Rxa6 24. hxg5 a3 25. Kd2 axb2 26. Rxb2 g6 27. Rh3 Rc4 28. Rb4 Rac6 29. Rxc4 Rxc4 30. Re3 Kg7 31. f3 h6 32. gxh6+ Kxh6 33. Rd3 Rc6 34. Kc2 Kg5 35. Kb3 1/2-1/2

[Event "Chessung Gp3"]
[Site "Guantanamo"]
[Date "2017.02.16"]
[Round "2.3"]
[White "Lores Pulgares, Felix"]
[Black "Lopez Montero, Manuel Alejandro"]
[Result "1/2-1/2"]
[WhiteElo "2049"]
[BlackElo "2032"]
[PlyCount "135"]
[EventDate "2017.02.16"]
[EventType "tourn"]
[EventRounds "10"]
[EventCountry "CUB"]
[SourceTitle "EXT 2023"]
[Source "ChessBase"]
[SourceDate "2022.10.05"]
[SourceVersion "1"]
[SourceVersionDate "2022.10.05"]
[SourceQuality "1"]

1. e4 e5 2. Nf3 Nc6 3. Bb5 a6 4. Ba4 Nf6 5. 0-0 Nxe4 6. Qe2 Nc5 7. Bxc6 dxc6 8. d4 Ne6 9. dxe5 Bc5 10. Nc3 0-0 11. Ne4 Bb6 12. Be3 Bxe3 13. Qxe3 Qe7 14. Nfd2 Rd8 15. c3 Nf8 16. f4 Bf5 17. Nf3 Ne6 18. Ng3 Bd3 19. Rfd1 Bc4 20. f5 Qc5 21. Qxc5 Nxc5 22. b3 Bd5 23. Nd2 Rd7 24. c4 Bxg2 25. Kxg2 Rad8 26. Ngf1 Ne4 27. e6 fxe6 28. fxe6 Rd4 29. e7 Re8 30. Nf3 Rxd1 31. Rxd1 Rxe7 32. Re1 Kf8 33. N1d2 Nc3 34. Rxe7 Kxe7 35. a3 a5 36. Kf2 c5 37. Ng5 a4 38. Nxh7 axb3 39. Nxb3 b6 40. Ng5 Kf6 41. h4 Kg6 42. Kg3 Nb1 43. a4 Nc3 44. a5 bxa5 45. Nxa5 Kh5 46. Nf3 Ne4+ 47. Kf4 Nd6 48. Kg3 Ne4+ 49. Kh3 Nf2+ 50. Kg2 Ne4 51. Nc6 Kg4 52. Nce5+ Kh5 53. Kh3 Nd6 54. Kg3 Ne4+ 55. Kf4 Nd6 56. Ke3 Kh6 57. Kd3 Kh5 58. Kc3 Kh6 59. Kb3 Kh5 60. Ka4 c6 61. Ka5 Ne4 62. Kb6 Nd6 63. Kxc5 Nb7+ 64. Kxc6 Na5+ 65. Kb6 Nb3 66. c5 Nxc5 67. Kxc5 g5 68. hxg5 1/2-1/2